1620 1875 1535 1977 1646 1650 1795 1029 1679 1155 1792 1157 1186 1828 1953 1155 1020 1516 1040 1346 1387 1380 1222 1079 1362 1390 1135 1572 1363 1151 1768 1889 1336 1343 1897 1061 1685 1466 1851 1810 1781 1368 1747 1238 1341 1427 1696 1897 1720 1407 1929 1901 1911 1522 1913 1976 1531 1610 1283 1388 1236 1733 1130 1963 1868 1467 1840 1411 1734 1512 1265 1340 1831 1074 1797 1739 1278 1965 1099 1259 1297 1765 1093 1887 1109 1474 1887 1169 1763 1832 1707 1592 1041 1393 1483 1109 1378 1917 1049 BCNSPRNW ULIB Ver.6.0+V

เปลี่ยนเป็นภาษาไทย

Change to English
 แสดงรายละเอียดบรรณานุกรม
  กลับหน้าหลัก

Brief Record : Get Marc (ISO 2709) : E-mail record : QR code < ปิดหน้าต่าง
LEADER : 00000nam 2200000uu 4500
001    13399126283
003     ULIB
008    180827s2560||||th 000 0 tha d
020    ^a9786168139042
060    ^aWB115 ล117อ
100    ^aลัลชริมา ภู่พัฒน์และคณะ
245    ^aอาการวิทยาฉบับพกพา/ลัลชริมา ภู่พัฒน์และคณะ
250    ^aพิมพ์ครั้งที่ 1
260    ^aกรุงเทพฯ :^bมหาวิทยาลัยธรรมศาสตร์,^c2560
300    ^a434 หน้า
650    ^aอายุรศาสตร์
945    ^p350^l0^i004501
945    ^p350^l0^i004500
945    ^p350^l0^i004499
999    ^aประนอม เกษจรัล
รายการนี้ยังไม่มีแท็ก
คุณยังไม่ได้ล็อกอิน คุณสามารถมีกิจกรรมร่วมกับเว็บไซต์ได้ แต่ต้องล็อกอินก่อน ::
  ล็อกอิน

รายการสื่อสารสนเทศ

ลำดับที่ ประเภท เลขเรียก/บาร์โค้ด สถานที่ สถานะ
1. วิทยาศาสตร์การแพทย์ และสุขภาพ
หนังสือสำรอง
สถานะ=หนังสือสำรอง
WB115 ล117อ ฉ.1 
  Barcode: 004499
ห้องสมุดวิทยาเขตสวรรค์ประชารักษ์
►หนังสือทั่วไป
ถูกยืม กำหนดส่งวันที่ 2 กุมภาพันธ์ 2569
  จอง
2. วิทยาศาสตร์การแพทย์ และสุขภาพ
วิทยาศาสตร์การแพทย์ และสุขภาพ
WB115 ล117อ ฉ.2 
  Barcode: 004500
ห้องสมุดวิทยาเขตสวรรค์ประชารักษ์
►หนังสือทั่วไป
บนชั้น
3. วิทยาศาสตร์การแพทย์ และสุขภาพ
วิทยาศาสตร์การแพทย์ และสุขภาพ
WB115 ล117อ ฉ.3 
  Barcode: 004501
ห้องสมุดวิทยาเขตสวรรค์ประชารักษ์
►หนังสือทั่วไป
บนชั้น

รายการใกล้เคียง
    ชื่อเรื่อง [อาการวิทยาฉบับพกพา/ลัลชริมา ภู่พัฒน์และคณะ]

    ผู้แต่ง [ลัลชริมา ภู่พัฒน์และคณะ]

    หัวเรื่อง [อายุรศาสตร์]

BibComment


ยังไม่เคยถูกคอมเมนท์

คอมเมนท์ทรัพยากรรายการนี้
  คอมเมนท์: อาการวิทยาฉบับพก..


 Copyright 2026. Bcnsprnw @Library